Curso de dibujo geométrico y de croquización /
Contenido: Dibujo geométrico; Instrumentos de dibujo; Rotulación normalizada; Geometría; Proporcionalidad y escalas; Construcciones geométricas elementales; Triángulos y cuadriláteros; Polígonos regulares; Inversión, tangencias y rectificaciones; Enlace de líneas; Relaciones geométricas; Transformac...
Kaydedildi:
| Yazar: | |
|---|---|
| Diğer Yazarlar: | |
| Materyal Türü: | Kitap |
| Dil: | İspanyolca |
| Baskı/Yayın Bilgisi: |
San Sebastián, España :
Donostiarra,
1992, c1992
|
| Edisyon: | 14a edición |
| Konular: | |
| Etiketler: |
Etiket eklenmemiş, İlk siz ekleyin!
|
MARC
| LEADER | 00000nam^a2200000^a^4500 | ||
|---|---|---|---|
| 001 | 000153210 | ||
| 005 | 20250521000000.0 | ||
| 009 | 20260310100312.381 | ||
| 020 | |a 84-7063-173-X | ||
| 037 | |a Acervo ITESO - Biblioteca | ||
| 041 | |a ESP | ||
| 082 | |a 604. 2 |b ROD | ||
| 100 | |a Rodríguez de Abajo, F. Javier |e (autor) | ||
| 245 | 1 | 0 | |a Curso de dibujo geométrico y de croquización / |c F.J. Rodríguez de Abajo, V. Alvarez Bengoa. |
| 250 | |a 14a edición | ||
| 264 | 4 | |a San Sebastián, España : |b Donostiarra, |c 1992, c1992 | |
| 300 | |a 382 p. | ||
| 336 | |a texto |b txt |2 rdacontenido | ||
| 337 | |a sin mediación |b n |2 rdamedio | ||
| 338 | |a volumen |b nc |2 rdasoporte | ||
| 520 | |a Contenido: Dibujo geométrico; Instrumentos de dibujo; Rotulación normalizada; Geometría; Proporcionalidad y escalas; Construcciones geométricas elementales; Triángulos y cuadriláteros; Polígonos regulares; Inversión, tangencias y rectificaciones; Enlace de líneas; Relaciones geométricas; Transformaciones geométricas; Curvas técnicas; Arcos y molduras; Curvas cónicas; Dibujo de croquización; Fundamentos de dibujo industrial; Formatos; Líneas normalizadas; Cortes y secciones; Acotación; Roscas. | ||
| 649 | |a XX | ||
| 650 | |a Dibujo Geométrico - |x Estudio y Enseñanza | ||
| 650 | |a Dibujo Técnico | ||
| 650 | |a Dibujo - |x Materiales y Equipo | ||
| 650 | |a Diseño Industrial | ||
| 650 | |a Geometría | ||
| 650 | |a Ingeniería Industrial | ||
| 700 | |a Alvarez Bengoa, Víctor |e (autor) | ||
| 910 | |a Fondo General | ||
| 920 | |a Impresos - Libros | ||
| 930 | |a Colección General | ||
| 905 | |a 101 | ||
| 901 | |a 0500081871 |b IT1 |c ACC |u 20250521 | ||
| 902 | |a https://opac.biblio.iteso.mx/vufind/Record/000153210 | ||